000 00417nam a2200145Ia 4500
008 180921t2005 xxu||||| |||| 00| 0 eng d
041 _aeng
080 _a598.133(RC
_bMAR
245 _aMarine Turtle Conservation Strategy and Action Plan for Sri Lanka
260 _bDepartment of Wildlife Conservation
_c2005
300 _avii,79p., 32 cm
942 _cBK
999 _c16659
_d16659
003 LK-CoDNM
040 _aLK-CoDNM
_dLK-CoDNM
_eLK-CoDNM